000
00323nam a2200145Ia 4500
008
230917s9999||||xx |||||||||||||| ||und||
020
_c
POU95
040
_e
4962
_a
MAIN
041
_a
English
082
_a
309 H554U
100
_a
Hill, Michael
245
0
_a
Understanding social policy
260
_c
1980
942
_c
BK
999
_c
216939
_d
216939